000 00760cam a22002533a 4500
001 31270
003 PGUSA
005 20140828083657.0
008 100213s2010||||xxu|||||s|||||000 | eng d
040 _aPGUSA
_beng
042 _adc
050 4 _aJC
100 1 _aPaine, Thomas,
_d1737-1809
245 1 4 _aThe Writings Of Thomas Paine, Complete :
_bWith Index to Volumes I - IV
_h[electronic resource] /
_cThomas Paine
260 _bProject Gutenberg,
_c2010
506 _aPublic domain in the USA.
516 _aElectronic text
653 _aPolitical science
700 1 _aConway, Moncure Daniel,
_d1832-1907
700 1 _aWidger, David,
_d1932-
830 0 _aProject Gutenberg
_v31270
856 4 0 _uhttp://www.gutenberg.org/ebooks/31270
942 _cEB
999 _c260525
_d260525